Statistics for Countries on the Globe #2

Click here to take the quiz!

General Stats

  • This quiz has been taken 25 times
  • The average score is 11 of 12

Answer Stats

Answer% Correct
Belgium
96%
Greece
96%
Slovakia
96%
Sweden
96%
Belarus
92%
Ecuador
92%
Laos
92%
Nicaragua
92%
Armenia
88%
Senegal
84%
Zambia
84%
Malawi
80%

Score Distribution

Percentile by Number Answered

Percent of People with Each Score

Your Score History

You have not taken this quiz